[Event "España ch-2015 sub-18"]
[Site "Salobrena ESP"]
[Date "2015.07.31"]
[Round "7.14"]
[White "Ponce Cano, Adrian"]
[Black "Abalia Patino, Aritz"]
[Result "1-0"]
[WhiteElo "2183"]
[BlackElo "1951"]
[PlyCount "88"]
[EventDate "2015.07.27"]
[EventType "swiss"]
[EventRounds "9"]
[EventCountry "ESP"]
[Source "lmi"]
[SourceDate "2015.07.27"]

1. e4 e6 2. Nf3 d5 3. e5 Bd7 4. a3 c5 5. b4 cxb4 6. d4 bxa3 7. Bd3 Ne7 8. O-O
Ng6 9. Nxa3 Be7 10. c3 a6 11. Nc2 b5 12. g3 Nc6 13. Qe2 Qb6 14. Bg5 Na5 15. h4
h6 16. Bd2 Nf8 17. Rab1 Qc7 18. Ne3 Bc6 19. Nh2 Nd7 20. f4 Nb6 21. f5 Kd7 22.
Qg4 h5 23. fxe6+ fxe6 24. Qg6 Raf8 25. Ng2 Nac4 26. Bc1 Nxe5 27. dxe5 Qxe5 28.
Nf3 Qf6 29. Bg5 Qxg6 30. Ne5+ Kc7 31. Nxg6 Rxf1+ 32. Rxf1 Bc5+ 33. Kh2 Re8 34.
Rf7+ Nd7 35. Ne5 Kd6 36. Ng6 Kc7 37. Rxg7 e5 38. Bf5 Kd6 39. Be7+ Rxe7 40. Nxe7
Nb6 41. Nxc6 Kxc6 42. Rg6+ Kc7 43. g4 hxg4 44. h5 Be3 1-0

[Event "España ch-2015 sub-18"]
[Site "Salobrena ESP"]
[Date "2015.07.31"]
[Round "7.15"]
[White "Marchena Hurtado, Javier"]
[Black "Gonzalez Santamartina, Jorge"]
[Result "1-0"]
[WhiteElo "2294"]
[BlackElo "1991"]
[PlyCount "97"]
[EventDate "2015.07.27"]
[EventType "swiss"]
[EventRounds "9"]
[EventCountry "ESP"]
[Source "lmi"]
[SourceDate "2015.07.27"]

1. d4 d5 2. c4 e6 3. Nf3 Nf6 4. g3 Be7 5. Bg2 O-O 6. O-O dxc4 7. Qc2 a6 8. a4
Bd7 9. Qxc4 Bc6 10. Bg5 Bd5 11. Qd3 Be4 12. Qe3 Bc6 13. Bxf6 Bxf6 14. Nc3 Nd7
15. Qd3 Re8 16. Rfd1 Nf8 17. e4 b6 18. b4 Bb7 19. Rab1 Rc8 20. h4 g6 21. Nh2
Bg7 22. Ng4 Qe7 23. Qc4 Red8 24. Ne3 h5 25. Kh2 Qf6 26. Qe2 Qe7 27. e5 Bxg2 28.
Nxg2 c5 29. dxc5 bxc5 30. b5 axb5 31. axb5 Rxd1 32. Rxd1 Qb7 33. f4 Nd7 34. Ne3
Nb6 35. Nc4 Nxc4 36. Qxc4 Qf3 37. b6 Bf8 38. Rb1 Rd8 39. Ne4 Rd4 40. Nf6+ Kg7
41. Qc2 Qe3 42. b7 Rd2+ 43. Qxd2 Qxd2+ 44. Kh3 Qd3 45. b8=Q Qf5+ 46. Kh2 Qc2+
47. Kh1 Qf2 48. Qb2 Qxg3 49. Nxh5+ 1-0

[Event "España ch-2015 sub-18"]
[Site "Salobrena ESP"]
[Date "2015.07.31"]
[Round "7.16"]
[White "Shen, Yue"]
[Black "Gonzalez Capacete, Jose Miguel"]
[Result "1-0"]
[WhiteElo "2248"]
[BlackElo "1977"]
[PlyCount "97"]
[EventDate "2015.07.27"]
[EventType "swiss"]
[EventRounds "9"]
[EventCountry "ESP"]
[Source "lmi"]
[SourceDate "2015.07.27"]

1. d4 d5 2. c4 e6 3. Nf3 Nf6 4. g3 Be7 5. Bg2 O-O 6. Qc2 b6 7. O-O Bb7 8. cxd5
exd5 9. Bf4 c5 10. Nc3 Nc6 11. Rfd1 Rc8 12. Qa4 c4 13. Bh3 Ra8 14. Ne5 Na5 15.
b4 cxb3 16. axb3 Qe8 17. Nb5 a6 18. Nc7 Qxa4 19. Rxa4 Ra7 20. b4 Nc4 21. Nxc4
dxc4 22. d5 Rd8 23. Bg2 Bd6 24. Bxd6 Rxd6 25. Raa1 Rd8 26. e4 Ne8 27. Nb5 Raa8
28. Nc3 b5 29. h3 h5 30. f4 g6 31. Rd4 Kf8 32. e5 Rd7 33. d6 Bxg2 34. Kxg2 Nc7
35. Rdd1 Ne6 36. Rd5 Rda7 37. Kf3 Nd8 38. Ke3 Nc6 39. Rb1 Re8 40. Rc5 Nd8 41.
Ra1 f6 42. Nxb5 Rf7 43. Nc7 Nb7 44. Nxe8 Nxc5 45. bxc5 Kxe8 46. Rxa6 fxe5 47.
fxe5 Rf5 48. Kd4 c3 49. Ke4 1-0

[Event "España ch-2015 sub-18"]
[Site "Salobrena ESP"]
[Date "2015.07.31"]
[Round "7.17"]
[White "Ruperez Benito, Antonio"]
[Black "Lozano Osorio, Isaac"]
[Result "1-0"]
[WhiteElo "2148"]
[BlackElo "1987"]
[PlyCount "119"]
[EventDate "2015.07.27"]
[EventType "swiss"]
[EventRounds "9"]
[EventCountry "ESP"]
[Source "lmi"]
[SourceDate "2015.07.27"]

1. e4 c6 2. Nc3 d5 3. Nf3 dxe4 4. Nxe4 Nf6 5. Qe2 Nxe4 6. Qxe4 Qd5 7. Qf4 b5 8.
a4 a6 9. Bd3 Bb7 10. Be4 Qd6 11. d4 Nd7 12. Ne5 Nf6 13. O-O Rc8 14. axb5 axb5
15. Bf3 e6 16. Bh5 Rc7 17. Bxf7+ Rxf7 18. Nxf7 Kxf7 19. Ra7 Qd7 20. Qb8 Bc5 21.
Rxb7 Rxb8 22. Rxd7+ Nxd7 23. dxc5 Nxc5 24. Be3 Nd7 25. Ra1 Rb7 26. Kf1 Ne5 27.
b3 Nd7 28. Ke2 e5 29. Ra8 Rb8 30. Ra7 Ke6 31. g4 h5 32. g5 g6 33. Kd3 Rd8 34.
Ke4 Rf8 35. Ra6 Rc8 36. f3 Kd6 37. b4 Re8 38. c3 Rc8 39. Ra2 Ke6 40. Rd2 Rf8
41. c4 bxc4 42. Rc2 Kd6 43. Rxc4 Re8 44. h3 Re6 45. Bc5+ Kc7 46. Rc2 Re8 47.
Ra2 Nxc5+ 48. bxc5 Kb7 49. Rd2 Ka6 50. Rd6 Kb5 51. Rxg6 Kxc5 52. Rf6 Kb5 53. g6
c5 54. g7 Rg8 55. Rf7 c4 56. Kxe5 c3 57. Rc7 Kb4 58. Kf6 Kb3 59. Kf7 Rb8 60.
g8=Q 1-0

[Event "España ch-2015 sub-18"]
[Site "Salobrena ESP"]
[Date "2015.07.31"]
[Round "7.18"]
[White "Marquez Marvizon, Alejandra"]
[Black "Mari Copa, Adria"]
[Result "0-1"]
[WhiteElo "1968"]
[BlackElo "2136"]
[PlyCount "106"]
[EventDate "2015.07.27"]
[EventType "swiss"]
[EventRounds "9"]
[EventCountry "ESP"]
[Source "lmi"]
[SourceDate "2015.07.27"]

1. e4 c5 2. Nf3 Nc6 3. Bb5 Nf6 4. e5 Nd5 5. O-O a6 6. Bxc6 dxc6 7. d4 Bg4 8.
Be3 e6 9. a3 Nxe3 10. fxe3 Qb6 11. Nbd2 Rd8 12. Qe1 Bf5 13. Qf2 Rd7 14. c4 cxd4
15. exd4 Qxb2 16. Qe3 Be7 17. Ne4 O-O 18. Rfc1 h6 19. c5 Bxe4 20. Qxe4 Qb3 21.
Qg4 Rfd8 22. Kh1 Qe3 23. Re1 Qd3 24. Reb1 Qf5 25. Qg3 Bg5 26. Rb3 Qf4 27. Qxf4
Bxf4 28. Rab1 Rb8 29. g3 Bg5 30. h4 Bd8 31. Kg2 b5 32. Kf2 Bc7 33. Ke3 f6 34.
Ke4 fxe5 35. Nxe5 Bxe5 36. Kxe5 Rd5+ 37. Ke4 Rbd8 38. Rd3 e5 39. a4 exd4 40.
axb5 axb5 41. Ra1 Rxc5 42. Rxd4 Rxd4+ 43. Kxd4 Rc4+ 44. Kd3 Rg4 45. Rg1 Kf7 46.
Ke3 b4 47. Kf3 Rc4 48. Rb1 c5 49. Kg2 Rc3 50. g4 b3 51. Kf1 c4 52. Ke1 Rc2 53.
Kd1 Rg2 0-1

[Event "España ch-2015 sub-18"]
[Site "Salobrena ESP"]
[Date "2015.07.31"]
[Round "7.19"]
[White "Martin Iribar, Ander"]
[Black "Campins Machado, Francesc"]
[Result "1-0"]
[WhiteElo "1935"]
[BlackElo "2127"]
[PlyCount "103"]
[EventDate "2015.07.27"]
[EventType "swiss"]
[EventRounds "9"]
[EventCountry "ESP"]
[Source "lmi"]
[SourceDate "2015.07.27"]

1. d4 Nf6 2. c4 e6 3. g3 Bb4+ 4. Bd2 Qe7 5. Nf3 Nc6 6. Bg2 Bxd2+ 7. Nbxd2 O-O
8. O-O d6 9. Qc2 a5 10. Rfe1 e5 11. d5 Nb8 12. e4 Nfd7 13. b3 Nc5 14. a3 Nba6
15. Qc3 f5 16. b4 Nxe4 17. Nxe4 fxe4 18. Nd2 axb4 19. axb4 Bd7 20. Nxe4 Bf5 21.
Ra4 Bxe4 22. Bxe4 Rf7 23. b5 Qd7 24. Ra2 Raf8 25. bxa6 bxa6 26. Qd3 h5 27. Rf1
h4 28. Bg2 Qg4 29. h3 Qg5 30. g4 Rf4 31. Be4 Rb8 32. f3 Rff8 33. Qd2 Qf6 34.
Rxa6 Rb3 35. Ra2 Rfb8 36. Rc2 Qe7 37. c5 Qd8 38. c6 R8b4 39. Re1 Qf6 40. Ra2
Rxe4 41. Ra8+ Kh7 42. Qc2 g6 43. Qxe4 Rxf3 44. Ra2 Rxh3 45. Rf1 Qg5 46. Rg2 Re3
47. Qb4 h3 48. Qb8 Qe7 49. Rgf2 Kh6 50. Rf7 Qh4 51. Qh8+ Kg5 52. Qf6+ 1-0

[Event "España ch-2015 sub-18"]
[Site "Salobrena ESP"]
[Date "2015.07.31"]
[Round "7.20"]
[White "Bustos Bernardo, Samuel"]
[Black "Bernal Gomez, Alejandro"]
[Result "1-0"]
[WhiteElo "1917"]
[BlackElo "2044"]
[PlyCount "25"]
[EventDate "2015.07.27"]
[EventType "swiss"]
[EventRounds "9"]
[EventCountry "ESP"]
[Source "lmi"]
[SourceDate "2015.07.27"]

1. Nf3 Nf6 2. c4 c5 3. Nc3 g6 4. g3 Bg7 5. Bg2 Nc6 6. O-O d5 7. d4 dxc4 8. dxc5
Qa5 9. Nd4 Qxc5 10. Nxc6 bxc6 11. Be3 Ng8 12. Nb1 Bf8 13. Bc1 1-0

[Event "España ch-2015 sub-18"]
[Site "Salobrena ESP"]
[Date "2015.07.31"]
[Round "7.21"]
[White "Antunez Muñoz, Ines"]
[Black "Lacruz Algarate, Alvaro"]
[Result "1/2-1/2"]
[WhiteElo "1873"]
[BlackElo "2072"]
[PlyCount "164"]
[EventDate "2015.07.27"]
[EventType "swiss"]
[EventRounds "9"]
[EventCountry "ESP"]
[Source "lmi"]
[SourceDate "2015.07.27"]

1. e4 e6 2. d4 d5 3. Nd2 Nf6 4. e5 Nfd7 5. f4 c5 6. c3 Nc6 7. Ndf3 Qb6 8. a3 c4
9. Ne2 Na5 10. Ng3 g6 11. Be2 Qc7 12. Qc2 Nb6 13. Be3 Bd7 14. Bd1 Ba4 15. Qe2
Qd7 16. O-O Be7 17. Nh1 O-O-O 18. Nf2 Kb8 19. Bxa4 Nxa4 20. Qc2 Qb5 21. Rab1 h6
22. Nd2 Rc8 23. Nd1 Rc7 24. b3 cxb3 25. Nxb3 Nxb3 26. Rxb3 Qc6 27. Bd2 Nb6 28.
Ne3 Nc4 29. Ra1 Ka8 30. Kf2 Qa4 31. Nxc4 Rxc4 32. Rb2 Qxc2 33. Rxc2 Rhc8 34.
Ke3 Ra4 35. Rca2 Rc6 36. Kd3 Kb8 37. g3 h5 38. Bc1 Kc7 39. Rb1 Rb6 40. Rxb6
Kxb6 41. Kc2 Kb5 42. Kb3 Ra6 43. Bd2 Ra4 44. Bc1 Rc4 45. a4+ Ka5 46. Ba3 Bxa3
47. Rxa3 a6 48. Ra2 b5 49. axb5+ Kxb5 50. Ra3 a5 51. Ra2 Rc7 52. Ra3 Ra7 53.
Ra4 Ra6 54. h3 Rc6 55. Ra3 a4+ 56. Kc2 Ra6 57. Kd3 Ra5 58. g4 hxg4 59. hxg4 Ra8
60. Ra1 Kc6 61. Ra3 Ra7 62. Kc2 Kb6 63. Kd3 Ra5 64. Ra1 Kc6 65. Ra3 Kb5 66. Ra1
Ra7 67. Ra3 Ra6 68. Ra1 a3 69. Rb1+ Ka4 70. Rb4+ Ka5 71. Kc2 Ra7 72. Kb3 Rc7
73. Ra4+ Kb6 74. Rxa3 Kc6 75. Ra4 Kd7 76. c4 dxc4+ 77. Rxc4 Rb7+ 78. Kc3 Rb1
79. Kd3 Rg1 80. g5 Rg3+ 81. Ke4 Rg1 82. Rc3 Re1+ 1/2-1/2

[Event "España ch-2015 sub-18"]
[Site "Salobrena ESP"]
[Date "2015.07.31"]
[Round "7.22"]
[White "Esquivias Quintero, Luis Manuel"]
[Black "Redondo Benavente, Ana"]
[Result "1-0"]
[WhiteElo "2134"]
[BlackElo "1920"]
[PlyCount "105"]
[EventDate "2015.07.27"]
[EventType "swiss"]
[EventRounds "9"]
[EventCountry "ESP"]
[Source "lmi"]
[SourceDate "2015.07.27"]

1. e4 d5 2. exd5 Qxd5 3. Nc3 Qd6 4. d4 Nf6 5. Nf3 g6 6. h3 Bg7 7. Nb5 Qb6 8. c4
c6 9. Nc3 O-O 10. Be2 Nbd7 11. O-O c5 12. Na4 Qc7 13. Be3 cxd4 14. Nxd4 a6 15.
Rc1 e5 16. Nf3 Nh5 17. Re1 Nf4 18. c5 f5 19. Bf1 Kh8 20. Bc4 Nf6 21. Nb6 Rb8
22. Nxc8 Rbxc8 23. Bxf4 exf4 24. Ng5 Ne4 25. Ne6 Qe7 26. Nxf8 Qxc5 27. Rxe4
fxe4 28. Ne6 Qc6 29. Nxg7 Kxg7 30. Qd4+ Kh6 31. Rc3 Qe8 32. Qd6 b5 33. Qxf4+
Kg7 34. Bf7 Qf8 35. Rxc8 Qxc8 36. Bd5 Qc2 37. Qe5+ Kh6 38. Bxe4 Qd1+ 39. Kh2
Qd2 40. f4 Qf2 41. f5 b4 42. fxg6 hxg6 43. Qg3 Qf7 44. Qxg6+ Qxg6 45. Bxg6 Kxg6
46. Kg3 Kg5 47. h4+ Kh5 48. Kf4 Kxh4 49. g4 a5 50. b3 Kh3 51. g5 Kg2 52. g6 Kf2
53. Ke4 1-0

[Event "España ch-2015 sub-18"]
[Site "Salobrena ESP"]
[Date "2015.07.31"]
[Round "7.23"]
[White "Pozanco Romasanta, Marc"]
[Black "Ruiz Sicilia, Juan Carlos"]
[Result "1-0"]
[WhiteElo "2121"]
[BlackElo "1911"]
[PlyCount "63"]
[EventDate "2015.07.27"]
[EventType "swiss"]
[EventRounds "9"]
[EventCountry "ESP"]
[Source "lmi"]
[SourceDate "2015.07.27"]

1. d4 Nf6 2. c4 g6 3. Nc3 d5 4. Bg5 Ne4 5. Bh4 Bg7 6. cxd5 Nxc3 7. bxc3 Qxd5 8.
e3 Qa5 9. Qd2 c5 10. Nf3 Nc6 11. Be2 O-O 12. Rb1 a6 13. O-O e6 14. Rb2 Rb8 15.
Rfb1 Re8 16. Ne1 Ne7 17. Nd3 Nf5 18. Bg5 f6 19. Bf4 e5 20. dxe5 fxe5 21. Nxe5
Bxe5 22. Qd5+ Be6 23. Qxe5 Rbd8 24. Qf6 b5 25. Be5 Rd7 26. Qh8+ Kf7 27. Qxh7+
Kf8 28. Qh8+ Kf7 29. Qf6+ Kg8 30. Qxg6+ Kf8 31. Bh5 Qd8 32. Qxe8+ 1-0

[Event "España ch-2015 sub-18"]
[Site "Salobrena ESP"]
[Date "2015.07.31"]
[Round "7.24"]
[White "Porlan Minarro, Antonio"]
[Black "Capote Robayna, Johanna"]
[Result "0-1"]
[WhiteElo "2040"]
[BlackElo "1887"]
[PlyCount "116"]
[EventDate "2015.07.27"]
[EventType "swiss"]
[EventRounds "9"]
[EventCountry "ESP"]
[Source "lmi"]
[SourceDate "2015.07.27"]

1. e4 c5 2. Nf3 Nc6 3. Bb5 d6 4. Bxc6+ bxc6 5. O-O g6 6. c3 Bg7 7. d4 cxd4 8.
cxd4 Nf6 9. Nbd2 O-O 10. b3 c5 11. e5 dxe5 12. dxe5 Nd7 13. Bb2 Qc7 14. Re1 Nb6
15. Rc1 Rd8 16. Qc2 Rd5 17. Nc4 Bf5 18. Qc3 Rd3 19. Qa5 Rc8 20. Qb5 Nd5 21.
Red1 Nf4 22. Kh1 Rcd8 23. Ne3 Rxd1+ 24. Rxd1 Rxd1+ 25. Nxd1 Nd3 26. Qe8+ Bf8
27. Bc3 Bd7 28. Qa8 Bc6 29. Ba5 Qxa5 30. Qxc6 Nxe5 31. Qe4 Nxf3 32. gxf3 Qxa2
33. Qd3 a5 34. Ne3 Qa1+ 35. Kg2 Qe5 36. Nc4 Qc7 37. Qd2 Bg7 38. Nxa5 Be5 39. h3
Bf4 40. Qc3 Qe5 41. Qc4 Qg5+ 42. Kf1 Qf5 43. Ke2 Bc7 44. Nb7 Qe5+ 45. Kd3 Bd6
46. Kc2 Qf5+ 47. Qd3 Qxh3 48. Nxd6 exd6 49. Qxd6 Qf5+ 50. Kb2 h5 51. Ka3 Kh7
52. Ka4 h4 53. Kb5 h3 54. Qh2 Qxf3 55. Kxc5 Qxb3 56. Qf4 Qe6 57. Kd4 Qf5 58.
Qc7 Qxf2+ 0-1

[Event "España ch-2015 sub-18"]
[Site "Salobrena ESP"]
[Date "2015.07.31"]
[Round "7.25"]
[White "Garcia-Castany Musellas, Gal.la"]
[Black "Alfaro Garcia del Cerro, Juan L"]
[Result "1-0"]
[WhiteElo "2034"]
[BlackElo "1872"]
[PlyCount "51"]
[EventDate "2015.07.27"]
[EventType "swiss"]
[EventRounds "9"]
[EventCountry "ESP"]
[Source "lmi"]
[SourceDate "2015.07.27"]

1. e4 c5 2. Nf3 d6 3. d4 cxd4 4. Qxd4 Nc6 5. Bb5 Bd7 6. Qd3 Nf6 7. Nc3 g6 8.
Bg5 Bg7 9. O-O-O a6 10. Bxc6 Bxc6 11. e5 dxe5 12. Qxd8+ Rxd8 13. Rxd8+ Kxd8 14.
Nxe5 Be8 15. Rd1+ Nd7 16. Nxd7 Bxd7 17. Nd5 f6 18. Be3 Ke8 19. Nc7+ Kd8 20.
Ne6+ Kc8 21. Nxg7 Rg8 22. Bh6 b6 23. f4 f5 24. Re1 Rh8 25. Nxf5 gxf5 26. Rh1
1-0

[Event "España ch-2015 sub-18"]
[Site "Salobrena ESP"]
[Date "2015.07.31"]
[Round "7.26"]
[White "Prado Acebo, Ines"]
[Black "Perez Gonzalez, Daniel"]
[Result "0-1"]
[WhiteElo "2029"]
[BlackElo "1852"]
[PlyCount "122"]
[EventDate "2015.07.27"]
[EventType "swiss"]
[EventRounds "9"]
[EventCountry "ESP"]
[Source "lmi"]
[SourceDate "2015.07.27"]

1. d4 Nf6 2. c4 c5 3. d5 b5 4. cxb5 a6 5. bxa6 g6 6. Nc3 Bxa6 7. g3 d6 8. Bg2
Bg7 9. Nf3 Nbd7 10. Rb1 Qa5 11. Bd2 O-O 12. O-O Rfb8 13. Qc2 Qc7 14. b3 Nb6 15.
Nh4 Nfd7 16. Rfd1 c4 17. b4 Bb7 18. Nb5 Qc8 19. Bc3 Nf6 20. e4 Qe8 21. Nd4 Qa4
22. Rd2 Nbd7 23. f4 Qxc2 24. Rxc2 Ra3 25. Ne2 Rba8 26. Nc1 Nxd5 27. Bxg7 Ne3
28. Re2 Kxg7 29. Bf3 Nd1 30. Ra1 Nc3 31. Rc2 Nb6 32. e5 d5 33. Bg2 R8a4 34. Rb2
Nd1 35. Re2 Nc3 36. Rb2 Nd1 37. Rd2 Ne3 38. Rb1 c3 39. Rd3 Nbc4 40. Nf3 c2 41.
Rbb3 Rxa2 42. Rxe3 Nxe3 43. Rxe3 Ra1 44. Re1 Rxb4 45. Nd3 Rbb1 46. Kf2 Rxe1 47.
Nfxe1 c1=Q 48. Nxc1 Rxc1 49. Bf1 Ra1 50. h3 Ba6 51. Bg2 e6 52. g4 Kf8 53. h4
Ke7 54. Nf3 h6 55. h5 Bd3 56. hxg6 Bxg6 57. Nd4 Ra2+ 58. Kg3 Ra4 59. Ne2 Be4
60. Bh3 d4 61. f5 Ra3+ 0-1

[Event "España ch-2015 sub-18"]
[Site "Salobrena ESP"]
[Date "2015.07.31"]
[Round "7.27"]
[White "Mazo Fernandez, Roberto"]
[Black "Gonzalez Fernandez, Pedro"]
[Result "1-0"]
[WhiteElo "2025"]
[BlackElo "1825"]
[PlyCount "83"]
[EventDate "2015.07.27"]
[EventType "swiss"]
[EventRounds "9"]
[EventCountry "ESP"]
[Source "lmi"]
[SourceDate "2015.07.27"]

1. d4 d5 2. c4 dxc4 3. Nf3 Nf6 4. e3 a6 5. Bxc4 b5 6. Bd3 Bb7 7. Qe2 e6 8. O-O
Nbd7 9. a4 b4 10. e4 c5 11. d5 exd5 12. exd5+ Qe7 13. Qc2 Qd6 14. Nbd2 Bxd5 15.
Nc4 Bxc4 16. Bxc4 Be7 17. Rd1 Qc7 18. Qe2 Qb7 19. Ng5 Rf8 20. a5 h6 21. Nf3 Qe4
22. Bxa6 Qxe2 23. Bxe2 Bd8 24. Bb5 Bc7 25. Be3 Ke7 26. a6 Bb6 27. Bf4 Rfd8 28.
Bd6+ Ke6 29. Bc4+ Kf5 30. Re1 Re8 31. Bd3+ Kg4 32. h3+ Kh5 33. g4+ Nxg4 34.
hxg4+ Kxg4 35. Nd2 Nf6 36. Rxe8 Nxe8 37. Nc4 Ba7 38. Bg3 f6 39. Re1 g5 40. Re7
f5 41. Be2+ Kh3 42. Bf1+ 1-0

[Event "España ch-2015 sub-18"]
[Site "Salobrena ESP"]
[Date "2015.07.31"]
[Round "7.28"]
[White "Garcia Porlan, Beatriz"]
[Black "Martinez Hernandez, Paula"]
[Result "1-0"]
[WhiteElo "2006"]
[BlackElo "1714"]
[PlyCount "53"]
[EventDate "2015.07.27"]
[EventType "swiss"]
[EventRounds "9"]
[EventCountry "ESP"]
[Source "lmi"]
[SourceDate "2015.07.27"]

1. e4 d5 2. exd5 Qxd5 3. Nc3 Qd6 4. d4 Nf6 5. Nf3 c6 6. h3 g6 7. Bd3 Nbd7 8.
O-O Bg7 9. Re1 O-O 10. Bg5 e6 11. Qd2 a6 12. Bf1 Nb6 13. Rad1 Nbd5 14. Nb1 b5
15. b3 Bb7 16. c4 Nc7 17. Nc3 Rfc8 18. Ne5 Nce8 19. Bf4 Qd8 20. Qe3 Qb6 21.
Nxf7 Kxf7 22. Qxe6+ Kf8 23. cxb5 axb5 24. Nxb5 Qd8 25. Nd6 Rc7 26. Nxe8 Nxe8
27. Bc4 1-0

[Event "España ch-2015 sub-18"]
[Site "Salobrena ESP"]
[Date "2015.07.31"]
[Round "7.29"]
[White "Soriano Gracia, Manuel"]
[Black "Guerra Arrocha, Daniel"]
[Result "0-1"]
[WhiteElo "1844"]
[BlackElo "1989"]
[PlyCount "80"]
[EventDate "2015.07.27"]
[EventType "swiss"]
[EventRounds "9"]
[EventCountry "ESP"]
[Source "lmi"]
[SourceDate "2015.07.27"]

1. e4 d6 2. Nf3 Nf6 3. Nc3 g6 4. d4 Bg7 5. h3 O-O 6. Be3 Nbd7 7. Be2 e5 8. d5
Ne8 9. Qd2 f5 10. Bg5 Nef6 11. exf5 gxf5 12. O-O-O Nc5 13. Rhg1 Qe8 14. Bxf6
Rxf6 15. Kb1 e4 16. Nh2 a5 17. g4 f4 18. g5 Rf8 19. Ng4 Bxg4 20. Bxg4 a4 21. a3
Qe5 22. Rde1 b5 23. h4 Rfb8 24. Be6+ Kh8 25. h5 b4 26. axb4 Rxb4 27. h6 a3 28.
hxg7+ Qxg7 29. b3 Nxb3 30. cxb3 Rxb3+ 31. Ka2 Rb2+ 32. Qxb2 axb2+ 33. Kxb2 Qd4
34. Rxe4 Qxf2+ 35. Ne2 Rb8+ 36. Kc2 Qc5+ 37. Kd2 Rb2+ 38. Ke1 f3 39. Rf1 Rb1+
40. Kd2 Rxf1 0-1

[Event "España ch-2015 sub-18"]
[Site "Salobrena ESP"]
[Date "2015.07.31"]
[Round "7.30"]
[White "Olivares Romero, Sara"]
[Black "Laseca Arana, Irati"]
[Result "1-0"]
[WhiteElo "1954"]
[BlackElo "1597"]
[PlyCount "169"]
[EventDate "2015.07.27"]
[EventType "swiss"]
[EventRounds "9"]
[EventCountry "ESP"]
[Source "lmi"]
[SourceDate "2015.07.27"]

1. e4 e6 2. d4 d5 3. e5 c5 4. c3 Nc6 5. Nf3 Qb6 6. a3 cxd4 7. cxd4 f6 8. Nc3
fxe5 9. dxe5 Nge7 10. Bd3 Bd7 11. O-O Ng6 12. Bxg6+ hxg6 13. Qd3 Ne7 14. Be3
Qd8 15. Bg5 Kf7 16. Ne2 Qe8 17. Bxe7 Bb5 18. Qe3 Bxe7 19. Rfe1 Bxe2 20. Rxe2 b6
21. b4 Rc8 22. Rc1 Qd7 23. Qf4+ Kg8 24. Rec2 Kh7 25. Qd2 Rhf8 26. Rc3 a5 27.
bxa5 bxa5 28. Qc2 Rxc3 29. Qxc3 Qa4 30. Ra1 Rb8 31. h3 Qb3 32. Qxa5 Qb2 33. Qe1
Bxa3 34. Ng5+ Kg8 35. Nxe6 Bb4 36. Qd1 Qxe5 37. Nd4 Bd6 38. Nf3 Qb2 39. Qxd5+
Kh8 40. Rf1 Rd8 41. Qg5 Qf6 42. Qg4 Rb8 43. Qh4+ Kg8 44. Ng5 Be5 45. Qg4 Rf8
46. Qh4 Rb8 47. Nf3 Rf8 48. Qxf6 Bxf6 49. Rb1 Re8 50. Kf1 Kf7 51. Re1 Rxe1+ 52.
Kxe1 Ke6 53. Ke2 Kf5 54. Ke3 g5 55. Nd4+ Ke5 56. Ne2 g6 57. Ng3 Be7 58. Kf3 Bd8
59. Kg4 Be7 60. f3 Kf6 61. Ne4+ Kg7 62. Nxg5 Kh6 63. Ne4 g5 64. Ng3 Kg6 65. Ne4
Bd8 66. f4 gxf4 67. Kxf4 Bc7+ 68. Kg4 Kh6 69. Kf5 Bd8 70. g4 Bh4 71. g5+ Bxg5
72. Nxg5 Kh5 73. Nf3 Kh6 74. Kg4 Kg6 75. Ne5+ Kh6 76. h4 Kg7 77. Kg5 Kh7 78.
Ng4 Kg7 79. h5 Kh7 80. Ne3 Kg7 81. Nf5+ Kh7 82. h6 Kg8 83. Kg6 Kh8 84. Nd6 Kg8
85. h7+ 1-0

[Event "España ch-2015 sub-18"]
[Site "Salobrena ESP"]
[Date "2015.07.31"]
[Round "7.31"]
[White "Hevia Fernandez, Guillermo"]
[Black "Santos Martinez, Guillermo"]
[Result "1-0"]
[WhiteElo "1795"]
[BlackElo "1940"]
[PlyCount "93"]
[EventDate "2015.07.27"]
[EventType "swiss"]
[EventRounds "9"]
[EventCountry "ESP"]
[Source "lmi"]
[SourceDate "2015.07.27"]

1. d4 Nf6 2. c4 c5 3. dxc5 e6 4. Nf3 Bxc5 5. g3 O-O 6. Bg2 Nc6 7. O-O d5 8. a3
dxc4 9. Qc2 Bd7 10. Qxc4 Bb6 11. Bg5 h6 12. Bf4 Rc8 13. Nc3 Nd4 14. Qd3 Rxc3
15. bxc3 Bb5 16. c4 Ba6 17. Nxd4 Qxd4 18. Qxd4 Bxd4 19. Rac1 e5 20. e3 Bb2 21.
Rc2 exf4 22. Rxb2 fxe3 23. Rc1 exf2+ 24. Kxf2 Ng4+ 25. Kg1 Ne5 26. Bf1 b6 27.
Rb3 Bc8 28. c5 bxc5 29. Rxc5 Be6 30. Rb7 Nf3+ 31. Kg2 Ng5 32. Rxa7 Rd8 33. Rc2
Rd6 34. Bc4 Bxc4 35. Rxc4 Rd2+ 36. Kf1 Nf3 37. Rc8+ Kh7 38. Rxf7 Nxh2+ 39. Ke1
Rd3 40. a4 Rxg3 41. a5 Ra3 42. Ra8 Nf3+ 43. Kd1 Ne5 44. Rc7 Kg6 45. a6 h5 46.
a7 h4 47. Rh8 1-0

[Event "España ch-2015 sub-18"]
[Site "Salobrena ESP"]
[Date "2015.07.31"]
[Round "7.32"]
[White "Santamaria Fernandez, Guillermo"]
[Black "Garrido Piriz, Pablo"]
[Result "0-1"]
[WhiteElo "1804"]
[BlackElo "2138"]
[PlyCount "74"]
[EventDate "2015.07.27"]
[EventType "swiss"]
[EventRounds "9"]
[EventCountry "ESP"]
[Source "lmi"]
[SourceDate "2015.07.27"]

1. e4 c5 2. Nc3 Nc6 3. g3 g6 4. Bg2 Bg7 5. d3 d6 6. Be3 Nf6 7. h3 O-O 8. Qd2
Nd4 9. f4 Rb8 10. Nge2 Nd7 11. Nc1 b5 12. Nd1 a5 13. O-O b4 14. g4 a4 15. Rb1
Ba6 16. Qf2 b3 17. axb3 axb3 18. c3 Nc2 19. Qg3 Qa5 20. Bd2 c4 21. Ne3 cxd3 22.
Nd5 e6 23. Nb4 Nxb4 24. cxb4 Qc7 25. Bc3 d2 26. Bxd2 Bxf1 27. Bxf1 Qc2 28. Qd3
Bxb2 29. Qxc2 Bd4+ 30. Kg2 bxc2 31. Rb3 Rfc8 32. Bd3 Ra8 33. Kf3 Ra1 34. Ke2 e5
35. Bb5 Nb6 36. Kd3 Rb1 37. Ra3 Bb2 0-1

[Event "España ch-2015 sub-18"]
[Site "Salobrena ESP"]
[Date "2015.07.31"]
[Round "7.33"]
[White "Cribilles Perez, Carlos"]
[Black "Rivas Diaz, Pablo"]
[Result "0-1"]
[WhiteElo "1844"]
[BlackElo "2029"]
[PlyCount "88"]
[EventDate "2015.07.27"]
[EventType "swiss"]
[EventRounds "9"]
[EventCountry "ESP"]
[Source "lmi"]
[SourceDate "2015.07.27"]

1. d4 d5 2. c4 dxc4 3. Nc3 Nf6 4. e3 a6 5. Bxc4 b5 6. Bb3 Bb7 7. Nf3 e6 8. O-O
Bd6 9. Re1 O-O 10. Bc2 c5 11. e4 cxd4 12. Nxd4 Be5 13. Nf3 Qxd1 14. Nxd1 Bc7
15. Nc3 Nbd7 16. Bg5 Rac8 17. e5 Ng4 18. Be4 Bxe4 19. Nxe4 Ndxe5 20. Nxe5 Nxe5
21. Be7 Nd3 22. Re3 Rfe8 23. Bf6 Nf4 24. Bd4 Red8 25. Bc5 Nd3 26. b4 Bf4 27.
Rf3 f5 28. Ng3 Bxg3 29. hxg3 Nxc5 30. bxc5 Rxc5 31. Re1 Rd6 32. Kh2 Kf7 33. g4
b4 34. Rb3 a5 35. gxf5 exf5 36. Rbe3 Kf6 37. g3 Rc2 38. R1e2 Rxe2 39. Rxe2 a4
40. Rb2 Rd4 41. f4 b3 42. axb3 Rb4 43. Kh3 axb3 44. Kh4 Kg6 0-1

[Event "España ch-2015 sub-18"]
[Site "Salobrena ESP"]
[Date "2015.07.31"]
[Round "7.34"]
[White "Hidalgo Gracia, Andres"]
[Black "Redondo Benavente, Jose Carlos"]
[Result "0-1"]
[WhiteElo "1772"]
[BlackElo "1988"]
[PlyCount "68"]
[EventDate "2015.07.27"]
[EventType "swiss"]
[EventRounds "9"]
[EventCountry "ESP"]
[Source "lmi"]
[SourceDate "2015.07.27"]

1. c4 e5 2. Nc3 Nf6 3. d3 Nc6 4. Nf3 d6 5. g3 g6 6. Bg2 Bg7 7. O-O O-O 8. Bd2
Re8 9. e4 Nd7 10. Nd5 Nf8 11. b4 Bg4 12. h3 Bxf3 13. Bxf3 Nd4 14. Bg2 c6 15.
Ne3 Nfe6 16. Nc2 f5 17. Nxd4 Nxd4 18. Be3 Ne6 19. Rb1 f4 20. Bd2 Qf6 21. Bf3
Rf8 22. Kg2 Rf7 23. Bc3 Raf8 24. g4 Qh4 25. Rh1 Bf6 26. b5 c5 27. a4 Bd8 28. a5
h5 29. Qe2 Rh7 30. a6 b6 31. Rh2 hxg4 32. Bxg4 f3+ 33. Qxf3 Rxf3 34. Bxe6+ Rff7
0-1